| 000 | 01321cam a22003617a 4500 | ||
|---|---|---|---|
| 003 | CHAP | ||
| 005 | 20220329141832.0 | ||
| 008 | 971128d1997 mx r 00110 spa d | ||
| 010 | _a74583 | ||
| 011 | _a75555 | ||
| 035 | _a85119 | ||
| 040 | _cCHAP | ||
| 090 | _aTesis | ||
| 100 | 0 | 0 |
_aRamírez Figueroa, Ma. Consepción. _993987 |
| 245 | 1 | 0 |
_aControl químico de la maleza en el cultivo de cilantro (Coriandrum sativum L.) en Chapingo, México _c/por Ma. Consepción Ramírez Figueroa |
| 260 |
_aChapingo, Méx. : _bEl autor, _c1997. |
||
| 300 | _a46 h. | ||
| 502 | _aTesis (Ing. Agr. Esp. en Parasitología Agrícola) -- UACH. Departamento de Parasitología Agrícola | ||
| 590 |
_aALEPH _b10 _c20130110 _lUCH01 _h1420 |
||
| 590 |
_aBATCH-UPD _b10 _c20130110 _lUCH01 _h0608 |
||
| 590 |
_aBATCH-UPD _b10 _c20130410 _lUCH01 _h0250 |
||
| 590 |
_aBATCH-UPD _b10 _c20130914 _lUCH01 _h0939 |
||
| 590 |
_aCONVERSION _b10 _c20130109 _lUCH01 _h1341 |
||
| 650 | 1 | 4 |
_aCilantro _xMalas hierbas _xControl. _923296 |
| 650 | 1 | 4 |
_aCultivos. _930221 |
| 650 | 1 | 4 |
_aHerbicidas. _953691 |
| 901 | _aBK | ||
| 905 | _aMayto Villalobos S. | ||
| 942 | _cFOLL | ||
| 949 |
_bBC _cTES _d33724000628996 _eTS2 _fc.2 _h31859 _i85119 _si |
||
| 949 |
_bBC _cTES _d33724000756896 _eTS2 _fc.3 _h35413 _i85119 _sb |
||
| 949 |
_bBC _cTES _d851191 _eTS1 _h31858 _i85119 _sb |
||
| 999 |
_c74583 _d74583 |
||